| 000 | 00796 a2200253 4500 | ||
|---|---|---|---|
| 003 | OSt | ||
| 005 | 20180116192325.0 | ||
| 008 | 120215t xxu||||| |||| 00| 0 eng d | ||
| 010 | _a 2009005746 | ||
| 020 | _a9781568988368 (alk. paper) | ||
| 040 | _c0 | ||
| 082 | 0 | 0 | _a729 |
| 100 | 1 | _aFox, Michael, | |
| 245 | 1 | 0 |
_aInteractive architecture / _cMichael Fox and Miles Kemp. |
| 250 | _a1st ed. | ||
| 260 |
_aNew York : _bPrinceton Architectural Press, _cc2009. |
||
| 300 |
_a256 p. : _bcol. ill. ; _c24 cm. |
||
| 650 | 0 | _aArchitecture and technology. | |
| 650 | 0 | _aIntelligent buildings. | |
| 650 | 0 |
_aArchitecture _xTechnological innovations. |
|
| 700 | 1 |
_aKemp, Miles, _d1979- |
|
| 942 |
_aSADA _cBK _k729 FOX 2009 _2ddc |
||
| 999 |
_c352159 _d352159 |
||